Top 15 Most Subscribed to Hololive Talents - Sudden Death - Statistics

General Stats
  • This quiz has been taken 189 times
    17 since last reset
  • The average score is 8 of 15
Answers on the Grid
Answers color-coded by a green-red scale on the quiz's grid according to % correct below.
Gawr Gura
Houshou Marine
Hoshimachi Suisei
Usada Pekora
Kobo Kanaeru
Shirakami Fubuki
Mori Calliope
Sakura Miko
Minato Aqua
Inugami Korone
Shirogane Noel
Nekomata Okayu
Oozora Subaru
Watson Amelia
Tsunomaki Watame
Nikiri Ayame
Amane Kanata
Ninomae Ina'nis
Takanashi Kiara
Akai Haato (Haachama)
Natsuiro Matsuri
Tokoyami Towa
Shishiro Botan
Kiryu Coco
Moona Hoshinova
Murasaki Shion
Kureiji Ollie
Sakamata Chloe
La+ Darknesss
Yukihana Lamy
 
Answer Stats
Answer % Correct
Gawr Gura
92%
Hoshimachi Suisei
83%
Houshou Marine
83%
Mori Calliope
75%
Usada Pekora
67%
Kobo Kanaeru
58%
Sakura Miko
58%
Oozora Subaru
50%
Shirakami Fubuki
50%
Inugami Korone
33%
Minato Aqua
33%
Watson Amelia
33%
Nekomata Okayu
25%
Shirogane Noel
25%
Amane Kanata
8%
No matching quizzes found
Score Distribution
Percent of People with Each Score
Percentile by Number Answered
Your Score History
You have not taken this quiz since the last reset